Essentials of management Accounting (Record no. 651)

MARC details
000 -LEADER
fixed length control field 00426nam a22001697a 4500
005 - DATE AND TIME OF LATEST TRANSACTION
control field 20180718115901.0
008 - FIXED-LENGTH DATA ELEMENTS--GENERAL INFORMATION
fixed length control field 160512b xxu||||| |||| 00| 0 eng d
020 ## - INTERNATIONAL STANDARD BOOK NUMBER
ISBN 0-7069-9898-7
041 ## - LANGUAGE CODE
Language code of text/sound track or separate title eng
082 ## - DEWEY DECIMAL CLASSIFICATION NUMBER
Item number 1678
Classification number 658.1511
100 ## - MAIN ENTRY--AUTHOR NAME
Personal name Pandey, I. M.
245 ## - TITLE STATEMENT
Title Essentials of management Accounting
260 ## - PUBLICATION, DISTRIBUTION, ETC. (IMPRINT)
Place of publication New Delhi
Name of publisher Vikas Publishing
Year of publication 1995
300 ## - PHYSICAL DESCRIPTION
Number of Pages 379p,
650 ## - SUBJECT ADDED ENTRY--TOPICAL TERM
Topical Term Management
942 ## - ADDED ENTRY ELEMENTS (KOHA)
Koha item type Books
Holdings
Lost status Damaged status Home library Shelving location Date acquired Cost, normal purchase price Full call number Accession Number Koha item type Collection code Current library
    JRU Library SHELF - 14 - I 12/05/2016 150.00 658.1511 1678 Books    
    JRU Library SHELF-73-K 12/05/2016 150.00 658.1511 1679 Books MANAGEMENT JRU Library
    JRU Library SHELF-28-H 12/05/2016 150.00 658.1511 1680 Books Reference